| 000 | 00689nam a2200181Ia 4500 | ||
|---|---|---|---|
| 005 | 20251020182607.0 | ||
| 008 | 200515s9999 xx 000 0 und d | ||
| 082 | _aSC/381.53(83)/P85 | ||
| 110 | _aOIT | ||
| 245 | 0 | _aSobrevivir en la calle: el comercio ambulante en Santiago de Chile | |
| 260 | _aSantiago de Chile | ||
| 260 | _c1988 | ||
| 300 | _a173 | ||
| 520 | _aEl comercio ambulante es el tema central de este libro. La primera parte se basa en una encuesta, con cobertura casi censal, realizada en los diferentes sectores de la ciudad, donde se concentra la venta callejera. La segunda parte incluye el anĂ¡lisis efe | ||
| 650 | _aCOMERCIO | ||
| 650 | _aPUB OIT | ||
| 942 | _cLIB | ||
| 999 |
_c3225 _d3225 |
||